000 00291nam a22001097a 4500
008 230704b xxu||||| |||| 00| 0 eng d
082 _a341.08
_bFOL 1957
245 _aDocuments on International Affairs 1954
260 _bOxford University Press
_c1957
300 _aXVII,368p
942 _2ddc
_cBK
999 _c3699
_d3699